00522nam a2200193Ia 4500003000400000005001700004008004100021020001500062040001800077041000800095082002100103100001700124245005700141250001200198260004400210300002400254650002700278650002300305OSt20250118104309.0210716s1989 xx 000 0 und d a0440206685 cAIMIT LIBRARY aeng a808.83 21bOLSJ aOlsen, Jack. aDoc: brape of the town of lovell /cBy Jack Olsen. a1st ed. aNew Yoek :bDell Publishing Co ;c1989. a544p. ;bPBc17 cm. aLove among the mormons aJustice and Denial